Catálogo público

Normatividad a cumplir en cuanto a inocuidad alimentaria en las empresas TIF que operan en Yucatán, México / (Record no. 177265)

MARC details
000 -CABECERA
campo de control de longitud fija 05039nam a2200445 a 4500
001 - NÚMERO DE CONTROL
campo de control dia_6058
003 - IDENTIFICADOR DEL NÚMERO DE CONTROL
campo de control CHAP
005 - FECHA Y HORA DE LA ÚLTIMA TRANSACCIÓN
campo de control 20250409130314.0
007 - CAMPO FIJO DE DESCRIPCIÓN FÍSICA--INFORMACIÓN GENERAL
campo de control de longitud fija ta
008 - DATOS DE LONGITUD FIJA--INFORMACIÓN GENERAL
campo de control de longitud fija 220117s2005 mx db frm 001 0 spa d
010 ## - NÚMERO DE CONTROL DE LA BIBLIOTECA DEL CONGRESO
Número de control de LC 177265
040 ## - FUENTE DE LA CATALOGACIÓN
Centro/agencia transcriptor CHAP
Centro catalogador/agencia de origen mxchpua
041 0# - CÓDIGO DE LENGUA
Código de lengua del texto/banda sonora o título independiente spa
Código de lengua del sumario o resumen eng
090 ## - LOCALMENTE ASIGNADO TIPO-LC NÚMERO DE CLASIFICACIÓN (OCLC); NÚMERO DE CLASIFICACIÓN LOCAL (RLIN)
Número de clasificación (OCLC) (R) ; Numero de clasificación, CALL (RLIN) (NR) Tesis
Número cutter local (OCLC) ; Número de libro/Signatura topográfica íntegra, CALL (RLIN) C67
año 2005
100 1# - ENTRADA PRINCIPAL--NOMBRE DE PERSONA
Nombre de persona Cortés Sánchez, Idalia
245 10 - MENCIÓN DE TÍTULO
Título Normatividad a cumplir en cuanto a inocuidad alimentaria en las empresas TIF que operan en Yucatán, México /
Mención de responsabilidad, etc. Idalia Cortés Sánchez
264 ## - PRODUCCIÓN, PUBLICACIÓN, DISTRIBUCIÓN, FABRICACIÓN Y COPYRIGHT
Producción, publicación, distribución, fabricación y copyright Chapingo, México :
Nombre del de productor, editor, distribuidor, fabricante El autor,
Fecha de producción, publicación, distribución, fabricación o copyright 2005
300 ## - DESCRIPCIÓN FÍSICA
Extensión v, 57 hojas :
Otras características físicas mapas, gráficas, tablas
336 ## - TIPO DE CONTENIDO
Fuente rdacontent
Término de tipo de contenido texto
Código de tipo de contenido txt
337 ## - TIPO DE MEDIO
Fuente rdamedia
Nombre/término del tipo de medio no mediado
Código del tipo de medio n
338 ## - TIPO DE SOPORTE
Fuente rdacarrier
Nombre/término del tipo de soporte volumen
Código del tipo de soporte nc
502 ## - NOTA DE TESIS
Nota de tesis Tesis
Tipo de título (Ingeniero Agrónomo Especialista en Zootecnia) --
Nombre de la institución que otorga el título UACh, Departamento de Enseñanza, Investigación y Servicio en Zootecnia,
Año de obtención del título 2005
504 ## - NOTA DE BIBLIOGRAFÍA, ETC.
Nota de bibliografía, etc. Bibliografía: hojas 41-43
520 3# - SUMARIO, ETC.
Sumario, etc. La mayor inquietud en todos los países en la actualidad es tener acceso a alimentos sanos, inocuos y de buena calidad. Muchos de los productos mexicanos han alcanzado altos niveles de calidad en sus procesos pero sobre todo el reconocimiento en grandes mercados. Sin embargo, falta prestar mayor atención al aspecto de inocuidad, principalmente en productos de origen animal. Por lo anterior en el presente estudio se analizó a través de encuestas aplicadas a gerentes y representantes de los rastros TIF ubicados en el estado de Yucatán, la normatividad que se requiere para poder implementar sistemas de inocuidad alimentaria, y su adopción, así como los problemas y los beneficios asociados al emplear este tipo de sistemas que certifican la seguridad y calidad alimentaria. Las empresas TIF encuestadas, se dedican a procesos como corte, deshuese y embutidos. En el 100% de ellas se aplica los Procedimientos de Operación Estándar de Sanitización (POE's). No obstante, las Buenas Prácticas de Manufactura, residuos tóxicos y el sistema HACCP (Hazard Analysis Critical and Control Points), están implementados en al menos 50% de las empresas. Cabe remarcar que el HACCP se encuentra instalado en 33% del total de las empresas. Esta característica permite que dichas empresas tengan la habilidad de exportar a países como Japón, Cuba y Corea. Se puede concluir que la adopción de este sistema es un incentivo importante para que el resto de empresas lo implementen en sus plantas. Sólo 17% de empresas se encontraban sin planes de adoptar el HACCP y se debe principalmente a que implica un gasto excesivo. Sin embargo, la implementación progresiva favorecerá a las empresas TIF del Estado de Yucatán.
520 3# - SUMARIO, ETC.
Sumario, etc. One of the major concerns of most countries nowadays is to have access to nutritional, innocuous and high quality food. Many Mexican products have attained high levels of quality and, are therefore, well accepted in the international trade. However, it is necessary to pay closer attention innocuousness; especially in animal products. Therefore, in this research, an analysis of the norms necessary for the implementation of alimentary innocuousness systems or programs and their adoption is made. The benefits, as well as the problems, associated with the implementation of these types of programs, which assure and certify food, were also analyzed. The analyses were made by surveys to managers and representatives of the TIF (Federal Inspection Type) in Yucatan. The different TIF industries surveyed were dedicated to commercial meat cuttings, deboning and sausage making. In all these companies, the basic Sanitization and Cleaning Program (POE´s) was followed. Furthermore, the Good Manufacturing Practices, toxic residues and the HACCP (Hazard Analysis Critical and Control Points) programs were found in at least 50% of the industries. The HACCP was implemented in 33% of the companies. One of which exported to Japan, Corea and Cuba. This is, therefore, a good incentive for owners to implement the program in their companies. Only 17% were not planning on adopting the HACCP program because of the high investment required. However, the progressive implementation will be advantageous for the TIF companies of Yucatan.
650 13 - PUNTO DE ACCESO ADICIONAL DE MATERIA--TÉRMINO DE MATERIA
Término de materia o nombre geográfico como elemento de entrada Mataderos
Subdivisión general ARPCC
Fuente del encabezamiento o término atg
650 13 - PUNTO DE ACCESO ADICIONAL DE MATERIA--TÉRMINO DE MATERIA
Término de materia o nombre geográfico como elemento de entrada Mataderos
Subdivisión general Calidad de carne
Fuente del encabezamiento o término atg
Subdivisión geográfica México
-- Yucatán
650 13 - PUNTO DE ACCESO ADICIONAL DE MATERIA--TÉRMINO DE MATERIA
Término de materia o nombre geográfico como elemento de entrada Mataderos
Subdivisión general Procedimientos operativos estandarizados de saneamiento
Fuente del encabezamiento o término atg
650 13 - PUNTO DE ACCESO ADICIONAL DE MATERIA--TÉRMINO DE MATERIA
Término de materia o nombre geográfico como elemento de entrada Slaughterhouses
Subdivisión general Beef quality
Fuente del encabezamiento o término atg
Subdivisión geográfica Mexico
-- Yucatán
650 13 - PUNTO DE ACCESO ADICIONAL DE MATERIA--TÉRMINO DE MATERIA
Término de materia o nombre geográfico como elemento de entrada Slaughterhouses
Subdivisión general HACCP
Fuente del encabezamiento o término atg
650 13 - PUNTO DE ACCESO ADICIONAL DE MATERIA--TÉRMINO DE MATERIA
Término de materia o nombre geográfico como elemento de entrada Slaughterhouses
Subdivisión general Sanitation standard operating procedures
Fuente del encabezamiento o término atg
700 1# - PUNTO DE ACCESO ADICIONAL--NOMBRE DE PERSONA
Nombre de persona Maldonado Simán, Ema de Jesús
Término indicativo de función/relación directora
700 1# - PUNTO DE ACCESO ADICIONAL--NOMBRE DE PERSONA
Nombre de persona Copado Bueno, José Ma. Fernando
Término indicativo de función/relación asesor
700 1# - PUNTO DE ACCESO ADICIONAL--NOMBRE DE PERSONA
Nombre de persona Martínez Hernández, Pedro Arturo
Término indicativo de función/relación asesor
856 41 - LOCALIZACIÓN Y ACCESO ELECTRÓNICOS
Identificador Uniforme del Recurso <a href="http://10.13.5.2/tesis/103346.pdf">http://10.13.5.2/tesis/103346.pdf</a>
Texto de enlace DESCRGAR PDF
901 ## - ELEMENTOS DE DATOS A LOCAL LDA (RLIN)
a TESIS C67 2005
942 ## - ELEMENTOS DE PUNTO DE ACCESO ADICIONAL (KOHA)
Tipo de ítem Koha TESIS
Fuente del sistema de clasificación o colocación Clasificación Universidad Autónoma Chapingo
902 ## - ELEMENTOS DE DATOS B LOCAL, LDB (RLIN)
a M
905 ## - ELEMENTOS DE DATOS E LOCAL, LDE (RLIN)
a 5232272005 mx nm 8223123322spa16
Holdings
Estado de retiro Estado de pérdida Fuente del sistema de clasificación o colocación Estado dañado Restricciones de uso No para préstamo Código de colección Localización permanente Ubicación/localización actual Fecha de adquisición Fuente de adquisición Total de préstamos Signatura topográfica completa Código de barras Fecha visto por última vez Número de copia Precio válido a partir de Tipo de ítem Koha Ubicación en estantería
    Clasificación Universidad Autónoma de Chapingo   Préstamo interno   Tesis Ingenieria Agroindustrial Ingenieria Agroindustrial 18/01/2022 El autor   Tesis C67 2005 1101009588 02/02/2026 Ej. 1 18/01/2022 Tesis  
    Clasificación Universidad Autónoma de Chapingo       Tesis digitales de Licenciatura Ingenieria Agroindustrial Ingenieria Agroindustrial 14/02/2023 El autor     1201009588 14/02/2023   14/02/2023 Tesis digital En línea